Dizajn ako integrujúci prvok kreatívneho centra STU v Bratislave

Salvato in:
Dettagli Bibliografici
Autore principale: Mjartan, Martin (Autore)
Altri autori: Paliatka, Peter (Relatore della tesi)
Natura: Manoscritto Libro
Lingua:slovacco
Pubblicazione: Bratislava 2021
Soggetti:
Accesso online:http://is.stuba.sk/zp/portal_zp.pl?podrobnosti=152470
Tags: Aggiungi Tag
Nessun Tag, puoi essere il primo ad aggiungerne!!

MARC

LEADER 00000ntm a22000003a 4500
001 stuzp71261
003 SK-STU
005 20230316102221.9
007 ta
008 150427s2015----xo-----f-mn---000-0-slo-d
040 |a STU  |b slo 
041 0 |a slo 
100 1 |a Mjartan, Martin  |u 059190  |k Z2  |4 aut  |U FAD Fakulta architektúry a dizajnu  |T FAD Ústav dizajnu  |X 70456  |U A9190  |Y 400  |7 A000070456 
242 0 1 |a Design as an Integrating Element of the Creative Center of the Slovak University of Technology  |y eng 
245 1 0 |a Dizajn ako integrujúci prvok kreatívneho centra STU v Bratislave 
260 |c 2021  |a Bratislava 
650 4 |a realization  |2 eng 
650 4 |a cooperation  |2 eng 
650 4 |a creativity  |2 eng 
650 4 |a communication  |2 eng 
650 4 |a community  |2 eng 
650 4 |a komunita  |2 slo 
650 4 |a realizácia  |2 slo 
650 4 |a kooperácia  |2 slo 
650 4 |a kreativita  |2 slo 
650 4 |a komunikácia  |2 slo 
700 1 |a Paliatka, Peter  |u 059190  |k Z1  |4 ths  |U FAD Fakulta architektúry a dizajnu  |T FAD Ústav dizajnu  |X 332  |U A9190  |Y 400  |7 A000000332 
856 4 |u http://is.stuba.sk/zp/portal_zp.pl?podrobnosti=152470  |u https://opac.crzp.sk/?fn=detailBiblioForm&sid=983A108C82E0ACEA905D796AE8A0 
996 |b 284AU09331  |c A* 12644/V  |l AAKNST  |s P  |a 0  |w stuzp71261_0001